Normal view
MARC view
- Ranucci, Claudia,
Entry Nombre Personal
001 - NUMERO DE CONTROL
- campo de control: 46415
003 - IDENTIFICADOR DE NUMERO DE CONTROL
- campo de control: DLC
005 - FECHA Y HORA DE LA ÜLTIMA TRANSACCIÓN
- campo de control: 20220915132527.0
008 - DATOS DE LONGITUD FIJA
- campo de control de longitud fija: 220915n| azannaabn |n aaa c
010 ## - NÚMERO DE CONTROL DE LA BIBLIOTECA DEL CONGRESO
- Número de control LC: no2009080711
035 ## - NUMERO DE CONTROL
- Número de control: (OCoLC)oca08120223
040 ## - FUENTE DE CATALOGACIÓN
- Agencia original de catalogación: MX-MxBN
- Lenguaje de catalogación: spa
- Description conventions: rda
- Agencia de transcripción: MX-MxBN
- Agencia que lo modifica: DLC
- Agencia que lo modifica: MX-MxUPN
046 ## - FECHAS CON CODIFICACIÓN ESPECIAL
- Fecha de nacimiento: 1973
- Fuente del formato de fecha: edtf
100 1# - ENCABEZAMIENTO - NOMBRE PERSONAL
- Nombre personal: Ranucci, Claudia,
- Fechas asociadas con el nombre: 1973-
670 ## - FUENTE EN LA QUE SE LOCALIZARON DATOS
- Cita de la fuente: Cuentos de las mil y una noches, 2006:
- Información localizada: portada (il. Claudia Ranucci) página 4 (nació en Roma en 1973)
670 ## - FUENTE EN LA QUE SE LOCALIZARON DATOS
- Cita de la fuente: El misterio de la niebla, 2004:
- Información localizada: portada (Claudia Ranucci)
902 ## - CATALOGADOR
- Catalogador: VAGG/150922
